| 000 | 00536nam a22001817a 4500 | ||
|---|---|---|---|
| 999 |
_c41738 _d41738 |
||
| 003 | OSt | ||
| 005 | 20221105103449.0 | ||
| 008 | 221104b ||||| |||| 00| 0 eng d | ||
| 020 | _a9788182830998 | ||
| 020 | _a8182830990 | ||
| 040 | _coclc | ||
| 082 |
_a543.08 _bSHA/I |
||
| 100 | 1 |
_91147 _aSharma, B. K. _d1954- _q(Brij Kishore), |
|
| 245 |
_aInstrumental methods of chemical analysis / _cB.K. Sharma |
||
| 260 |
_aMeerut: _bGoel Publishing, _c2013 |
||
| 300 | _anil | ||
| 942 |
_2ddc _cBK _h543.08 _iSHA/I _k543.08 |
||